UBT Library

Biology : (Record no. 40598)

000 -LEADER
fixed length control field 00836cam a2200277 a 4500
001 - CONTROL NUMBER
control field 16242169
005 - DATE AND TIME OF LATEST TRANSACTION
control field 20180119080910.0
008 - FIXED-LENGTH DATA ELEMENTS--GENERAL INFORMATION
fixed length control field 100519s2012 nyuab 001 0 eng
010 ## - LIBRARY OF CONGRESS CONTROL NUMBER
LC control number 2010020431
020 ## - INTERNATIONAL STANDARD BOOK NUMBER
International Standard Book Number 9780073403472 (hard copy : alk. paper)
020 ## - INTERNATIONAL STANDARD BOOK NUMBER
International Standard Book Number 0073403474 (hard copy : alk. paper)
020 ## - INTERNATIONAL STANDARD BOOK NUMBER
International Standard Book Number 9780071315548 (pbk.)
020 ## - INTERNATIONAL STANDARD BOOK NUMBER
International Standard Book Number 0071315543 (pbk.)
035 ## - SYSTEM CONTROL NUMBER
System control number (OCoLC)ocn624555953
040 ## - CATALOGING SOURCE
Original cataloging agency DLC
Transcribing agency DLC
Modifying agency YDX
-- YDXCP
-- BWX
-- SINIE
-- TWJ
-- DLC
041 ## - LANGUAGE CODE
Language code of text/sound track or separate title eng
080 ## - UNIVERSAL DECIMAL CLASSIFICATION NUMBER
Universal Decimal Classification number 570
082 00 - DEWEY DECIMAL CLASSIFICATION NUMBER
Classification number 570 HOE
Edition number 22
100 1# - Rafti
Rafti 11
101 ## - Shkurtesa
Shkurtesa BIO
245 10 - TITLE STATEMENT
Title Biology :
Statement of responsibility, etc Mariëlle Hoefnagels.
504 ## - BIBLIOGRAPHY, ETC. NOTE
Bibliography, etc Includes index.
906 ## - LOCAL DATA ELEMENT F, LDF (RLIN)
a 7
b cbc
c orignew
d 1
e ecip
f 20
g y-gencatlg
942 ## - ADDED ENTRY ELEMENTS (KOHA)
Source of classification or shelving scheme
Item type Books
Holdings
Withdrawn status Lost status Source of classification or shelving scheme Damaged status Not for loan Collection code Permanent location Current location Shelving location Date acquired Total Checkouts Full call number Barcode Date last seen Price effective from Koha item type
          Koleksioni i përgjithshem UBT - Lipjan UBT - Lipjan Koleksioni i përgjithshem 01/19/2018   570 HOE 002-2995907 01/19/2018 01/19/2018 Books
          Koleksioni i përgjithshem UBT - Lipjan UBT - Lipjan Koleksioni i përgjithshem 03/10/2021   570 HOE 002-7002293 03/10/2021 03/10/2021 Books
          Koleksioni i përgjithshem UBT - Lipjan UBT - Lipjan Koleksioni i përgjithshem 03/11/2021   573 HOE 002-7002525 03/11/2021 03/11/2021 Books
UBT Library © 2015-2024. All rights reserved University Education for Business and Technology